Joueurs passés par Chelsea - Mort subite - Statistiques

Statistiques générales
  • Ce quiz a été pris 854 fois
  • Le résultat moyen est 6 sur 20
Answers on the Grid
Answers color-coded by a green-red scale on the quiz's grid according to % correct below.
Nemanja Matic
Zlatan Ibrahimovic
Patrick Bamford
Jan Oblak
Robert Sanchez
Dominic Solanke
Ferran Torres
Damien Duff
Ryan Shawcross
Ashley Cole
Marcel Desailly
Victor Moses
Jérémie Boga
Marco Van Basten
Renato Sanches
Alisson Becker
Marcus Rashford
Cole Palmer
Loïc Rémy
Charlie Austin
Deco
André Schürrle
Oriol Romeu
Gaël Kakuta
Thorgan Hazard
Papy Djilobodji
Antonio Cassano
Didier Deschamps
Ruud Gullit
Dimitri Liénard
Matts Hummels
Demba Ba
Eden Hazard
Raymond Kopa
Djibril Cissé
Alan Shearer
Patrice Evra
Gustavo Poyet
Laurent Blanc
Dani Alves
 
Statistiques - réponses
Réponse % Correct
Nemanja Matic
85%
Cole Palmer
53%
Ashley Cole
50%
Eden Hazard
45%
Robert Sanchez
45%
Loïc Rémy
36%
Victor Moses
36%
André Schürrle
34%
Marcel Desailly
34%
Demba Ba
26%
Dominic Solanke
25%
Deco
24%
Gaël Kakuta
20%
Jérémie Boga
15%
Oriol Romeu
13%
Damien Duff
11%
Didier Deschamps
11%
Ruud Gullit
11%
Papy Djilobodji
8%
Gustavo Poyet
5%
Aucun quiz correspondant
Distribution des résultats
% des personnes avec chaque résultat
Percentile par nombre de réponses
Votre historique - résultats
Vous n’avez pas pris ce quiz